Zgadnij kraj północy po wskazówce - Statystyki

Ogólne statystyki
  • Ten quiz został rozwiązany 28 razy
  • Średni wynik to 9 z 10
Statystyki odpowiedzi
Hint Odpowiedź % Poprawnych
Klon Kanada
100%
Wikingowie Norwegia
100%
Matrioszki Rosja
100%
Brak komarów Islandia
96%
Szczęśliwi ludzie Finlandia
93%
Garnek złota Irlandia
93%
Astrid Lindgren Szwecja
93%
Pałac Buckingham Anglia
82%
Niedżwiedż polarny Grenlandia
71%
Haggis Szkocja
50%
Nie znaleziono quizów pasujących do podanych kryteriów
Rozkład punktacji
Procent ludzi z każdym wynikiem
Percentyl według liczby udzielonych odpowiedzi
Twoja historia wyników
Nie rozwiązałeś tego quizu